| 000 | 00440nam a22001817a 4500 | ||
|---|---|---|---|
| 003 | NUST - PNEC | ||
| 005 | 20170116181110.0 | ||
| 008 | 151003b xxu||||| |||| 00| 0 eng d | ||
| 020 | _a8185240450 | ||
| 040 | _cLIBRARY | ||
| 082 | _a621.4021 GUP | ||
| 100 |
_912561 _aGupta, C.P. |
||
| 245 |
_aEngineering thmodynamics _cC.P. Gupta |
||
| 250 | _a5th ed. | ||
| 260 | _cc.1991 | ||
| 650 |
_912566 _aThermodynamics _xME |
||
| 942 |
_2ddc _cBK |
||
| 999 |
_c69103 _d69103 |
||